[Event "3rd CNE NED-ch Women Rapid 2017"]
[Site "Amstelveen"]
[Date "2017.12.03"]
[Round "2"]
[White "De Mie, Mariska"]
[Black "Haast, Anne"]
[Result "0-1"]
[WhiteElo "2242"]
[BlackElo "2332"]
[Annotator "NA"]
[PlyCount "105"]
[EventDate "2017.??.??"]
[EventType "tourn"]
[EventCountry "NED"]
[SourceTitle "playchess.com"]
[Source "ChessBase"]
[SourceQuality "1"]
[TimeControl "900+10"]

1. e4 {[%emt 0:00:00]} c5 {[%emt 0:00:04]} 2. Nf3 {[%emt 0:00:00]} e6 {[%emt 0:00:01]} 3. d4 {[%emt 0:00:00]} cxd4 {[%emt 0:00:01]} 4. Nxd4 {[%emt 0:00:01]} Nc6 {[%emt 0:00:01]} 5. Nc3 {[%emt 0:00:16]} Qc7 {[%emt 0:00:01]} 6. f4 {[%emt 0:00:10] LiveBook: 1274 Games} a6 {[%emt 0:00:06]} 7. Be3 {[%emt 0:00:42]} Bb4 {[%emt 0:01:33]} 8. Nxc6 {[%emt 0:01:32] B48: Sicilian: Taimanov: 5 Nc3 Qc7 6 Be3 a6 without Be2} (8. Bd3 Nf6 9. Qd2 d6 10. a3 Bc5 11. Nb3 Bxe3 12. Qxe3 b5 13. O-O-O O-O 14. Rhe1 b4 15. axb4 Nxb4 {½-½ (46) Delgado Ramirez,N (2575)-Zambrana,O (2515) Bogota 2010}) 8... Qxc6 {[%emt 0:00:08]} 9. Qd4 {[%emt 0:00:06]} Bxc3+ $1 {[%emt 0:00:11]} 10. bxc3 {[%emt 0:00:02]} Nf6 {[%emt 0:00:10]} 11. Bd3 {[%emt 0:00:26]} b5 {[%emt 0:01:28]} 12. O-O {[%emt 0:02:41]} Bb7 {[%emt 0:00:06]} 13. Rae1 {[%emt 0:00:02]} Rc8 $146 {[%emt 0:00:31]} (13... Nxe4 $15 14. Bc1 (14. Qxg7 O-O-O $17) 14... Nc5) ({Predecessor:} 13... O-O 14. Bd2 d5 15. exd5 Qxd5 {½-½ (32) Muller,A (2115)-Flear,C (2232) Bescanon 1999}) 14. Bd2 {[%emt 0:00:11]} (14. a4 $5) 14... d6 {[%emt 0:00:24]} 15. Qf2 {[%emt 0:01:03]} Qc5 {[%emt 0:02:11]} 16. Be3 {[%emt 0:01:10]} Qc7 {[%emt 0:00:31]} 17. Bb6 {[%emt 0:00:20]} Qe7 {[%emt 0:00:08]} 18. Qh4 {[%emt 0:01:08]} Nd7 {[%emt 0:00:19]} 19. Qxe7+ {[%emt 0:01:47]} Kxe7 {[%emt 0:00:01]} 20. Bd4 {[%emt 0:00:01]} (20. Ba5 $1 $11) 20... e5 {[%emt 0:00:16]} 21. Be3 {[%emt 0:00:28]} Nc5 {[%emt 0:01:22]} 22. Bxc5 {[%emt 0:01:08]} Rxc5 {[%emt 0:00:05]} 23. a4 {[%emt 0:00:20]} bxa4 {[%emt 0:00:18]} 24. Rb1 {[%emt 0:00:03]} Bc6 {[%emt 0:00:33]} 25. fxe5 {[%emt 0:01:10]} dxe5 {[%emt 0:00:14]} 26. Rb6 {[%emt 0:00:44]} (26. c4 $17) 26... Rxc3 $19 {[%emt 0:01:00]} 27. Rxa6 {[%emt 0:00:16]} Rb8 {[%emt 0:01:02]} 28. Ra7+ {[%emt 0:00:34]} Rb7 {[%emt 0:00:03]} 29. Ra5 {[%emt 0:00:26]} f6 {[%emt 0:00:22]} 30. Ra1 {[%emt 0:00:57]} Bd7 {[%emt 0:01:19]} 31. Kf2 {[%emt 0:00:37]} Rcc7 {[%emt 0:00:02]} 32. Ke3 {[%emt 0:00:15]} Ra7 {[%emt 0:00:11]} 33. Rxa7 {[%emt 0:00:17]} Rxa7 {[%emt 0:00:01]} 34. Bc4 {[%emt 0:00:06]} Rc7 {[%emt 0:00:22]} 35. Kd3 {[%emt 0:00:10]} f5 {[%emt 0:01:18]} 36. Bd5 {[%emt 0:00:23]} fxe4+ {[%emt 0:01:44]} 37. Kxe4 {[%emt 0:00:02]} Rxc2 {[%emt 0:01:08]} 38. Kxe5 {[%emt 0:00:01]} Re2+ {[%emt 0:00:05]} 39. Kd4 {[%emt 0:00:03]} Kd6 {[%emt 0:00:03]} 40. Bf3 {[%emt 0:00:07]} Rb2 {[%emt 0:00:12]} 41. Kc3 {[%emt 0:00:18]} Rb8 {[%emt 0:00:22]} 42. Rd1+ {[%emt 0:00:18]} Ke7 {[%emt 0:00:10]} 43. Bd5 {[%emt 0:00:08]} Rb6 {[%emt 0:00:38]} 44. Bc4 {[%emt 0:00:26]} Be6 {[%emt 0:00:05]} 45. Re1 {[%emt 0:00:08]} Rc6 {[%emt 0:00:20]} 46. Rxe6+ {[%emt 0:00:25]} Rxe6 {[%emt 0:00:01]} 47. Bxe6 {[%emt 0:00:01]} Kxe6 {[%emt 0:00:01]} 48. Kb4 {[%emt 0:00:01]} Kd5 {[%emt 0:00:17]} 49. Kxa4 {[%emt 0:00:04]} Kd4 {[%emt 0:00:13]} 50. Kb4 {[%emt 0:01:18]} Ke3 {[%emt 0:00:03]} 51. Kc4 {[%emt 0:00:22]} Kf2 {[%emt 0:00:02]} 52. g3 {[%emt 0:00:08]} Kg2 {[%emt 0:00:07]} 53. Kd4 0-1

[Event "3rd CNE NED-ch Women Rapid 2017"]
[Site "Amstelveen"]
[Date "2017.12.03"]
[Round "2"]
[White "Keetman, Maaike"]
[Black "Kazarian, Anna-Maja"]
[Result "1-0"]
[WhiteElo "2203"]
[BlackElo "2162"]
[Annotator "NA"]
[PlyCount "85"]
[EventDate "2017.??.??"]
[EventType "tourn"]
[EventCountry "NED"]
[SourceTitle "playchess.com"]
[Source "ChessBase"]
[SourceQuality "1"]
[TimeControl "900+10"]

1. e4 {[%emt 0:00:28]} e6 {[%emt 0:00:02]} 2. d4 {[%emt 0:00:01]} d5 {[%emt 0:00:01]} 3. Nd2 {[%emt 0:00:02]} dxe4 {[%emt 0:00:07]} 4. Nxe4 {[%emt 0:00:01]} Nf6 {[%emt 0:00:04]} 5. Bd3 {[%emt 0:00:43]} Nbd7 {[%emt 0:00:29]} 6. Nf3 {[%emt 0:00:03]} Nxe4 {[%emt 0:00:52]} 7. Bxe4 {[%emt 0:00:02]} Nf6 {[%emt 0:00:01]} 8. Bg5 {[%emt 0:00:02]} Be7 {[%emt 0:00:10]} 9. Bxf6 {[%emt 0:00:02]} Bxf6 {[%emt 0:00:01]} 10. Qd3 {[%emt 0:00:02]} c5 {[%emt 0:00:29]} 11. Qb5+ {[%emt 0:01:29]} Bd7 {[%emt 0:00:01]} 12. Qxc5 {[%emt 0:00:05]} Rc8 {[%emt 0:00:13]} 13. Qa3 {[%emt 0:00:13]} Qb6 {[%emt 0:00:35]} 14. O-O {[%emt 0:07:26]} Be7 {[%emt 0:01:53]} 15. Qb3 {[%emt 0:00:14]} Qxb3 {[%emt 0:01:36]} 16. axb3 {[%emt 0:00:15]} Bb5 {[%emt 0:00:03]} 17. c4 {[%emt 0:00:05]} Ba6 {[%emt 0:00:01]} 18. Rfd1 {[%emt 0:01:36]} O-O {[%emt 0:00:18]} 19. Ne5 {[%emt 0:00:23]} Rfd8 {[%emt 0:02:06]} 20. d5 {[%emt 0:01:24]} f6 {[%emt 0:04:18]} 21. Nd3 {[%emt 0:00:34]} e5 {[%emt 0:00:48]} 22. Bf5 {[%emt 0:01:22]} Rc7 {[%emt 0:00:09]} 23. Ra4 {[%emt 0:00:24]} Bd6 {[%emt 0:01:04]} 24. Nb4 {[%emt 0:00:17]} Bxc4 {[%emt 0:01:22]} 25. bxc4 {[%emt 0:00:14]} Rxc4 {[%emt 0:00:01]} 26. Nc6 {[%emt 0:00:05]} Rxa4 {[%emt 0:00:01]} 27. Nxd8 {[%emt 0:00:01]} Rb4 {[%emt 0:00:01]} 28. Rd2 {[%emt 0:00:18]} a5 {[%emt 0:00:37]} 29. g3 {[%emt 0:00:07]} a4 {[%emt 0:00:31]} 30. Bc8 {[%emt 0:00:06]} Rd4 {[%emt 0:01:44]} 31. Rxd4 {[%emt 0:00:09]} exd4 32. Nxb7 {[%emt 0:00:03]} d3 {[%emt 0:00:02]} 33. Bg4 {[%emt 0:00:14]} Be5 {[%emt 0:00:31]} 34. d6 {[%emt 0:00:08]} Kf8 {[%emt 0:00:19]} 35. d7 {[%emt 0:00:04]} Bc7 {[%emt 0:00:01]} 36. d8=Q+ {[%emt 0:00:03]} Bxd8 {[%emt 0:00:00]} 37. Nxd8 {[%emt 0:00:02]} Ke7 {[%emt 0:00:04]} 38. Nc6+ {[%emt 0:00:02]} Kd6 {[%emt 0:00:04]} 39. Nb4 {[%emt 0:00:03]} d2 {[%emt 0:00:01]} 40. Kf1 {[%emt 0:00:28]} Kc5 {[%emt 0:00:05]} 41. Nc2 {[%emt 0:00:20]} f5 {[%emt 0:00:09]} 42. Bd1 {[%emt 0:00:05]} Kc4 {[%emt 0:00:09]} 43. Ne3+ {[%emt 0:00:07] Kd5} 1-0

[Event "3rd CNE NED-ch Women Rapid 2017"]
[Site "Amstelveen"]
[Date "2017.12.03"]
[Round "3"]
[White "Haast, Anne"]
[Black "Lanchava, Tea"]
[Result "1-0"]
[WhiteElo "2332"]
[BlackElo "2297"]
[Annotator "NA"]
[PlyCount "83"]
[EventDate "2017.??.??"]
[EventType "tourn"]
[EventCountry "NED"]
[SourceTitle "playchess.com"]
[Source "ChessBase"]
[SourceQuality "1"]
[TimeControl "900+10"]

1. e4 {[%emt 0:00:00]} g6 {[%emt 0:00:05]} 2. d4 {[%emt 0:00:00]} c6 {[%emt 0:00:03]} 3. Be3 {[%emt 0:00:16]} d6 {[%emt 0:00:08]} 4. Qd2 {[%emt 0:00:14]} Nd7 {[%emt 0:00:06]} 5. Nc3 {[%emt 0:00:12]} Ngf6 {[%emt 0:00:22]} 6. f3 {[%emt 0:00:02]} a6 {[%emt 0:00:20]} 7. h4 {[%emt 0:00:29]} h5 {[%emt 0:00:14]} 8. Nh3 {[%emt 0:00:11]} b5 {[%emt 0:00:04]} 9. a4 {[%emt 0:00:17]} b4 {[%emt 0:00:03]} 10. Ne2 {[%emt 0:00:33]} Rb8 {[%emt 0:00:49]} 11. b3 {[%emt 0:00:19]} c5 {[%emt 0:00:15]} 12. dxc5 {[%emt 0:01:15]} Nxc5 {[%emt 0:00:57]} 13. Ng5 {[%emt 0:00:13]} Qc7 {[%emt 0:00:46]} 14. Rd1 {[%emt 0:00:14]} Bd7 {[%emt 0:00:38]} 15. Nf4 {[%emt 0:01:08]} Bg7 {[%emt 0:00:16]} 16. Bc4 {[%emt 0:00:18]} O-O {[%emt 0:01:46]} 17. Nxg6 {[%emt 0:00:32]} Bb5 $18 {[%emt 0:08:11]} 18. axb5 {[%emt 0:01:36]} Nfxe4 {[%emt 0:00:14]} 19. fxe4 {[%emt 0:06:23]} Bc3 {[%emt 0:00:09]} 20. Nxf8 {[%emt 0:00:04]} Bxd2+ {[%emt 0:00:08]} 21. Rxd2 {[%emt 0:00:07]} d5 {[%emt 0:02:13]} 22. Bxd5 {[%emt 0:00:30]} Rxf8 {[%emt 0:00:45]} 23. bxa6 {[%emt 0:00:49]} e6 {[%emt 0:00:15]} 24. Bc4 {[%emt 0:00:17]} Qg3+ {[%emt 0:00:11]} 25. Bf2 {[%emt 0:00:09]} Qe5 {[%emt 0:00:01]} 26. O-O {[%emt 0:00:23]} f6 {[%emt 0:00:12]} 27. Nf3 {[%emt 0:00:09]} Qc7 {[%emt 0:00:06]} 28. Re1 {[%emt 0:00:14]} Kh8 {[%emt 0:00:04]} 29. e5 {[%emt 0:00:15]} f5 {[%emt 0:00:16]} 30. Ng5 {[%emt 0:00:01]} Rg8 {[%emt 0:00:16]} 31. Rd6 {[%emt 0:00:09]} Ne4 {[%emt 0:00:10]} 32. Nxe4 {[%emt 0:00:11]} fxe4 {[%emt 0:00:01]} 33. Rxe6 {[%emt 0:00:27]} Qg7 {[%emt 0:00:08]} 34. Bf1 {[%emt 0:00:22]} Qg4 {[%emt 0:00:09]} 35. Rh6+ {[%emt 0:00:19]} Kg7 {[%emt 0:00:01]} 36. Rf6 {[%emt 0:00:04]} Re8 {[%emt 0:00:03]} 37. Be2 {[%emt 0:00:30]} Qc8 {[%emt 0:00:07]} 38. Rb6 {[%emt 0:00:14]} Qxc2 39. a7 {[%emt 0:00:01]} Qc7 {[%emt 0:00:24]} 40. Ra6 {[%emt 0:00:12]} Ra8 {[%emt 0:00:10]} 41. Rd1 {[%emt 0:00:02]} Qxe5 {[%emt 0:00:19]} 42. Bd4 {[%emt 0:00:02]} 1-0

[Event "3rd CNE NED-ch Women Rapid 2017"]
[Site "Amstelveen"]
[Date "2017.12.03"]
[Round "3"]
[White "Ratsma, Rosa"]
[Black "Keetman, Maaike"]
[Result "0-1"]
[WhiteElo "2295"]
[BlackElo "2203"]
[Annotator "NA"]
[PlyCount "40"]
[EventDate "2017.??.??"]
[EventType "tourn"]
[EventCountry "NED"]
[SourceTitle "playchess.com"]
[Source "ChessBase"]
[SourceQuality "1"]
[TimeControl "900+10"]

1. e4 {[%emt 0:00:00]} c5 {[%emt 0:00:01]} 2. Nf3 {[%emt 0:00:00]} e6 {[%emt 0:00:01]} 3. d4 {[%emt 0:00:00]} cxd4 {[%emt 0:00:01]} 4. Nxd4 {[%emt 0:00:00]} Nc6 {[%emt 0:00:02]} 5. Nc3 {[%emt 0:00:03]} Qc7 {[%emt 0:00:01]} 6. f4 {[%emt 0:00:04]} a6 {[%emt 0:00:06]} 7. Nxc6 {[%emt 0:00:03]} Qxc6 {[%emt 0:00:02]} 8. Bd3 {[%emt 0:00:05]} b5 {[%emt 0:00:13]} 9. Qe2 {[%emt 0:00:05]} Bc5 {[%emt 0:00:17]} 10. Bd2 {[%emt 0:00:11]} Bb7 {[%emt 0:00:04]} 11. O-O-O {[%emt 0:00:09]} Ne7 {[%emt 0:00:02]} 12. a3 {[%emt 0:00:14]} O-O-O {[%emt 0:00:38]} 13. Kb1 {[%emt 0:00:08]} f5 {[%emt 0:00:10]} 14. g4 {[%emt 0:01:15]} Rhf8 {[%emt 0:03:07]} 15. Rhe1 {[%emt 0:01:04]} Rde8 {[%emt 0:01:49]} (15... fxg4 $16 {war angesagt.} 16. Qxg4 g6) 16. Nxb5 {[%emt 0:06:04]} fxe4 {[%emt 0:01:23]} 17. Bxe4 {[%emt 0:00:32]} Qxb5 $19 {[%emt 0:00:59]} 18. Bxb7+ {[%emt 0:00:58]} Qxb7 {[%emt 0:01:55]} 19. Qe5 {[%emt 0:00:24]} Qb6 {[%emt 0:00:42]} 20. Qxg7 {[%emt 0:00:56]} Bd4 {[%emt 0:00:11]} 0-1

[Event "3rd CNE NED-ch Women Rapid 2017"]
[Site "Amstelveen"]
[Date "2017.12.03"]
[Round "3"]
[White "De Jong-Muhren, Bianca"]
[Black "Paulet, Iozefina"]
[Result "0-1"]
[WhiteElo "2262"]
[BlackElo "2272"]
[Annotator "NA"]
[PlyCount "100"]
[EventDate "2017.??.??"]
[EventType "tourn"]
[EventCountry "NED"]
[SourceTitle "playchess.com"]
[Source "ChessBase"]
[SourceQuality "1"]
[TimeControl "900+10"]

1. e4 {[%emt 0:00:00]} e6 {[%emt 0:00:01]} 2. d4 {[%emt 0:00:00]} d5 {[%emt 0:00:02]} 3. Nd2 {[%emt 0:00:00]} a6 {[%emt 0:00:04]} 4. Bd3 {[%emt 0:00:19]} c5 {[%emt 0:00:12]} 5. dxc5 {[%emt 0:01:00]} Bxc5 {[%emt 0:00:11]} 6. Qe2 {[%emt 0:01:13]} Nf6 {[%emt 0:00:16]} 7. e5 {[%emt 0:00:24]} Nfd7 {[%emt 0:00:06]} 8. Ngf3 {[%emt 0:00:30]} Nc6 {[%emt 0:00:04]} 9. Nb3 {[%emt 0:00:09]} Be7 {[%emt 0:00:20]} 10. c3 {[%emt 0:00:22]} g5 {[%emt 0:03:01]} 11. h3 {[%emt 0:02:52]} h6 {[%emt 0:00:47]} 12. O-O {[%emt 0:00:55]} Qc7 {[%emt 0:00:07]} 13. Re1 {[%emt 0:00:03]} Rg8 {[%emt 0:00:53]} 14. Nbd4 {[%emt 0:00:24]} h5 {[%emt 0:00:07]} 15. Nxe6 {[%emt 0:06:36]} fxe6 {[%emt 0:00:02]} 16. Nxg5 {[%emt 0:00:01]} Ndxe5 {[%emt 0:00:53]} 17. Qxh5+ {[%emt 0:00:01]} Kd7 {[%emt 0:00:41]} 18. Nxe6 {[%emt 0:01:39]} Kxe6 {[%emt 0:03:24]} 19. f4 {[%emt 0:00:07]} Bc5+ {[%emt 0:00:54]} 20. Kh1 {[%emt 0:00:08]} Qg7 {[%emt 0:00:16]} 21. Qf3 {[%emt 0:01:05]} Qg3 {[%emt 0:01:30]} 22. Qxg3 {[%emt 0:00:28]} Rxg3 {[%emt 0:00:02]} 23. Bf1 {[%emt 0:00:17]} Bd7 {[%emt 0:00:25]} 24. fxe5 {[%emt 0:00:02]} Rf8 {[%emt 0:00:06]} 25. Kh2 {[%emt 0:00:16]} Rgg8 {[%emt 0:00:19]} 26. g4 {[%emt 0:00:13]} Nxe5 {[%emt 0:00:18]} 27. Bg2 {[%emt 0:00:06]} Kd6 {[%emt 0:00:22]} 28. Be3 {[%emt 0:00:16]} Bxe3 29. Rxe3 Bxg4 {[%emt 0:00:24]} 30. Rxe5 {[%emt 0:00:22]} Kxe5 {[%emt 0:00:04]} 31. hxg4 {[%emt 0:00:02]} Rxg4 {[%emt 0:00:08]} 32. Re1+ {[%emt 0:00:01]} Kd6 {[%emt 0:00:04]} 33. Re2 {[%emt 0:00:13]} Rh8+ {[%emt 0:01:03]} 34. Kg1 {[%emt 0:00:02]} Rhg8 {[%emt 0:00:01]} 35. Kf1 {[%emt 0:00:14]} R8g5 {[%emt 0:00:09]} 36. Rd2 {[%emt 0:00:07]} Rf4+ {[%emt 0:00:05]} 37. Kg1 {[%emt 0:00:04]} Kc5 {[%emt 0:00:25]} 38. Kh2 {[%emt 0:00:19]} b5 {[%emt 0:00:14]} 39. a3 {[%emt 0:00:09]} a5 {[%emt 0:00:11]} 40. Kg1 {[%emt 0:00:04]} Rfg4 {[%emt 0:01:06]} 41. Kf1 {[%emt 0:00:05]} Rxg2 {[%emt 0:00:18]} 42. Rxg2 {[%emt 0:00:30]} Rxg2 {[%emt 0:00:01]} 43. Kxg2 {[%emt 0:00:00]} Kc4 {[%emt 0:00:01]} 44. Kf3 {[%emt 0:00:14]} Kb3 {[%emt 0:00:02]} 45. Ke3 {[%emt 0:00:05]} Kxb2 {[%emt 0:00:02]} 46. Kd4 {[%emt 0:00:04]} Kxa3 {[%emt 0:00:05]} 47. Kxd5 {[%emt 0:00:14]} b4 {[%emt 0:00:21]} 48. c4 {[%emt 0:00:15]} b3 {[%emt 0:00:01]} 49. c5 {[%emt 0:00:02]} b2 {[%emt 0:00:02]} 50. c6 {[%emt 0:00:01]} b1=Q {[%emt 0:00:03]} 0-1

[Event "3rd CNE NED-ch Women Rapid 2017"]
[Site "Amstelveen"]
[Date "2017.12.03"]
[Round "3"]
[White "Kazarian, Anna-Maja"]
[Black "De Mie, Mariska"]
[Result "1/2-1/2"]
[WhiteElo "2162"]
[BlackElo "2242"]
[Annotator "NA"]
[PlyCount "182"]
[EventDate "2017.??.??"]
[EventType "tourn"]
[EventCountry "NED"]
[SourceTitle "playchess.com"]
[Source "ChessBase"]
[SourceQuality "1"]
[TimeControl "900+10"]

1. e4 {[%emt 0:00:00]} d6 {[%emt 0:00:14]} 2. d4 {[%emt 0:00:00]} g6 {[%emt 0:00:02]} 3. Nf3 {[%emt 0:00:03]} Bg7 {[%emt 0:00:03]} 4. Bc4 {[%emt 0:00:02]} a6 {[%emt 0:00:06]} 5. a4 {[%emt 0:00:20] B06: Modern Defence} (5. Bb3 Nc6 6. c3 e5 7. dxe5 Nxe5 8. Nxe5 Bxe5 9. O-O Ne7 10. Bh6 Ng8 11. Bc1 Ne7 {½-½ (11) Bosiocic,M (2623)-Savchenko,B (2602) Khomeyn 2017}) 5... e6 {[%emt 0:00:24]} 6. O-O {[%emt 0:00:36]} Ne7 {[%emt 0:00:32]} 7. Bg5 {[%emt 0:00:50]} h6 {[%emt 0:00:23]} 8. Be3 {[%emt 0:00:22]} O-O {[%emt 0:00:14]} 9. Qd2 {[%emt 0:00:02]} Kh7 {[%emt 0:00:01]} 10. Nc3 {[%emt 0:00:58]} Nd7 $146 {[%emt 0:00:09]} ({Predecessor:} 10... d5 11. Bd3 dxe4 12. Nxe4 Nd5 {½-½ (28) Sivara,P (1994)-Zhou,G (2206) Bangkok 2014}) 11. Ne1 {[%emt 0:00:28]} Nf6 {[%emt 0:00:16]} 12. Be2 {[%emt 0:01:11]} b6 {[%emt 0:00:40]} 13. f4 {[%emt 0:00:33]} Bb7 {[%emt 0:00:07]} 14. Bf3 {[%emt 0:00:01]} d5 {[%emt 0:00:42]} 15. e5 {[%emt 0:00:36]} Ne4 {[%emt 0:00:02]} 16. Qd3 {[%emt 0:00:45]} c5 {[%emt 0:01:10]} 17. Bxe4 {[%emt 0:00:39]} dxe4 {[%emt 0:00:06]} 18. Qd2 {[%emt 0:00:32]} Rc8 {[%emt 0:01:58]} 19. dxc5 {[%emt 0:00:16]} bxc5 {[%emt 0:00:29]} 20. Qf2 {[%emt 0:00:52]} Qc7 {[%emt 0:00:30]} 21. g4 {[%emt 0:00:47]} Rfd8 $15 {[%emt 0:01:18]} 22. Ng2 {[%emt 0:00:51]} Qc6 {[%emt 0:01:03]} 23. Rfd1 {[%emt 0:00:13]} Nd5 {[%emt 0:00:11]} 24. Ne2 {[%emt 0:00:47]} Bf8 {[%emt 0:01:00]} 25. f5 {[%emt 0:01:14]} exf5 {[%emt 0:00:16]} 26. gxf5 {[%emt 0:00:01]} gxf5 {[%emt 0:00:29]} 27. Qxf5+ {[%emt 0:00:02]} Qg6 {[%emt 0:00:01]} 28. Qxg6+ {[%emt 0:00:30]} fxg6 {[%emt 0:00:20]} 29. Rf1 {[%emt 0:01:03]} Bg7 {[%emt 0:01:06]} 30. Rf7 {[%emt 0:00:22]} Rc7 {[%emt 0:01:27]} 31. Raf1 {[%emt 0:00:58]} Kg8 {[%emt 0:00:11]} 32. e6 {[%emt 0:00:21]} Rxf7 {[%emt 0:01:21]} 33. exf7+ {[%emt 0:00:02]} Kh7 {[%emt 0:00:28]} 34. Bxc5 {[%emt 0:00:01]} Bf8 35. Bxf8 {[%emt 0:00:17]} Rxf8 {[%emt 0:00:02]} 36. Nd4 {[%emt 0:00:33]} Bc8 {[%emt 0:00:20]} 37. c4 {[%emt 0:00:26]} Nb6 {[%emt 0:00:21]} 38. b3 {[%emt 0:00:05]} Kg7 {[%emt 0:00:08]} 39. a5 {[%emt 0:00:01]} Na8 {[%emt 0:00:07]} 40. Nf4 {[%emt 0:00:31]} Nc7 {[%emt 0:00:22]} 41. Nd5 {[%emt 0:00:26]} Nxd5 {[%emt 0:00:31]} 42. cxd5 {[%emt 0:00:01]} Rxf7 {[%emt 0:00:10]} 43. Rxf7+ {[%emt 0:00:16]} Kxf7 {[%emt 0:00:02]} 44. Kf2 {[%emt 0:00:00]} Kf6 {[%emt 0:00:10]} 45. Nc6 {[%emt 0:00:08]} Bb7 {[%emt 0:00:58]} 46. Ke3 {[%emt 0:00:00]} Kf5 {[%emt 0:00:01]} 47. Kd4 {[%emt 0:01:45]} Kf4 {[%emt 0:00:21]} 48. Ne7 {[%emt 0:00:32]} e3 {[%emt 0:01:04]} 49. Nxg6+ {[%emt 0:00:01]} Kf3 {[%emt 0:00:41]} 50. Ne5+ {[%emt 0:00:01]} Kf4 {[%emt 0:00:01]} 51. d6 {[%emt 0:00:03]} Bc8 {[%emt 0:00:05]} 52. b4 {[%emt 0:00:08]} e2 {[%emt 0:00:09]} 53. Nd3+ {[%emt 0:00:10]} Kf3 {[%emt 0:00:03]} 54. b5 {[%emt 0:00:11]} Bf5 {[%emt 0:00:15]} 55. Ne1+ {[%emt 0:01:47]} Kf2 {[%emt 0:00:01]} 56. Ke5 {[%emt 0:00:15]} Kxe1 {[%emt 0:00:28]} 57. Kxf5 {[%emt 0:00:00]} Kf1 {[%emt 0:00:07]} 58. d7 {[%emt 0:00:01]} e1=Q {[%emt 0:00:02]} 59. d8=Q Qb1+ {[%emt 0:00:09]} 60. Kf6 {[%emt 0:00:21]} Qxb5 {[%emt 0:00:22]} 61. Qb6 {[%emt 0:00:02]} Qe2 {[%emt 0:00:09]} 62. Kg7 {[%emt 0:00:24]} h5 {[%emt 0:00:08]} 63. h4 {[%emt 0:00:24]} Kg2 {[%emt 0:00:26]} 64. Kh6 {[%emt 0:00:11]} Kh3 {[%emt 0:00:19]} 65. Qd8 {[%emt 0:00:08]} Qb5 {[%emt 0:00:16]} 66. Qg5 {[%emt 0:00:06]} Qb1 {[%emt 0:00:18]} 67. Qxh5 {[%emt 0:00:12]} Qc1+ {[%emt 0:00:05]} 68. Qg5 {[%emt 0:00:01]} Qc6+ {[%emt 0:00:03]} 69. Kg7 {[%emt 0:00:01]} Qc7+ {[%emt 0:00:03]} 70. Kg6 {[%emt 0:00:05]} Qc6+ {[%emt 0:00:08]} 71. Kf5 {[%emt 0:00:01]} Qb5+ {[%emt 0:00:08]} 72. Kf4 {[%emt 0:00:03]} Qc4+ {[%emt 0:00:02]} 73. Kf3 {[%emt 0:00:01]} Qd3+ {[%emt 0:00:16]} 74. Kf2 {[%emt 0:00:23]} Qc2+ {[%emt 0:00:07]} 75. Ke3 {[%emt 0:00:02]} Qc1+ {[%emt 0:00:01]} 76. Kd4 {[%emt 0:00:04]} Qa1+ {[%emt 0:00:06]} 77. Ke4 {[%emt 0:00:14]} Qa4+ {[%emt 0:00:06]} 78. Kf3 {[%emt 0:00:28]} Qc6+ {[%emt 0:00:12]} 79. Ke2 {[%emt 0:00:08]} Qc2+ {[%emt 0:00:12]} 80. Qd2 {[%emt 0:00:01]} Qxd2+ {[%emt 0:00:35]} 81. Kxd2 {[%emt 0:00:01]} Kxh4 {[%emt 0:00:01]} 82. Kd3 {[%emt 0:00:01]} Kg5 {[%emt 0:00:00]} 83. Ke4 {[%emt 0:00:01]} Kf6 {[%emt 0:00:02]} 84. Kd5 {[%emt 0:00:00]} Ke7 {[%emt 0:00:02]} 85. Kc6 {[%emt 0:00:04]} Kd8 {[%emt 0:00:01]} 86. Kb7 {[%emt 0:00:07]} Kd7 {[%emt 0:00:09]} 87. Kxa6 {[%emt 0:00:02]} Kc6 {[%emt 0:00:01]} 88. Ka7 {[%emt 0:00:01]} Kc7 {[%emt 0:00:01]} 89. Ka8 {[%emt 0:00:06]} Kc8 {[%emt 0:00:03]} 90. a6 {[%emt 0:00:01]} Kc7 {[%emt 0:00:01]} 91. a7 {[%emt 0:00:01]} Kc8 1/2-1/2

[Event "3rd CNE NED-ch Women Rapid 2017"]
[Site "Amstelveen"]
[Date "2017.12.03"]
[Round "4"]
[White "Lanchava, Tea"]
[Black "Kazarian, Anna-Maja"]
[Result "1-0"]
[WhiteElo "2297"]
[BlackElo "2162"]
[Annotator "NA"]
[PlyCount "79"]
[EventDate "2017.??.??"]
[EventType "tourn"]
[EventCountry "NED"]
[SourceTitle "playchess.com"]
[Source "ChessBase"]
[SourceQuality "1"]
[TimeControl "900+10"]

1. Nf3 {[%emt 0:00:00]} d5 {[%emt 0:00:01]} 2. b3 {[%emt 0:00:00]} Nf6 {[%emt 0:00:04]} 3. e3 {[%emt 0:00:00]} c5 {[%emt 0:00:01] A06: Réti Opening:1 Nf3 d5} (3... e6 4. Bb2 b6 5. c4 Bb7 6. d4 Bd6 7. Nbd2 O-O 8. Bd3 Nbd7 9. Rc1 Ne4 10. O-O Nxd2 11. Nxd2 Nf6 12. c5 bxc5 13. dxc5 Be7 14. c6 Bc8 15. Qe2 Bb4 16. Rfd1 Qe7 17. Nf3 a5 18. a4 {1-0 (49) Nakamura,H (2785)-So,W (2812) Paris 2017}) 4. c4 {[%emt 0:00:00]} Nc6 {[%emt 0:00:23]} 5. Bb2 {[%emt 0:00:08]} d4 {[%emt 0:00:10]} 6. exd4 {[%emt 0:00:46]} cxd4 {[%emt 0:00:02]} 7. d3 {[%emt 0:00:10]} e5 {[%emt 0:00:18]} 8. Be2 {[%emt 0:00:19]} Bb4+ {[%emt 0:00:59]} 9. Nfd2 {[%emt 0:01:19]} e4 $146 {[%emt 0:00:49]} ({Predecessor:} 9... a5 10. O-O O-O 11. Bf3 Bf5 12. Qe2 Qd6 13. Rd1 Rfe8 14. a3 Bc5 15. g4 Nxg4 {0-1 (15) Stein,B (2385)-Ostojic,P (2385) Dortmund 1987}) 10. O-O {[%emt 0:00:14]} exd3 {[%emt 0:00:40]} 11. Bxd3 {[%emt 0:00:03]} O-O {[%emt 0:00:02]} 12. Ne4 {[%emt 0:01:36]} Re8 {[%emt 0:00:46]} 13. a3 {[%emt 0:04:40]} Nxe4 {[%emt 0:00:27]} 14. Bxe4 {[%emt 0:00:06]} Rxe4 {[%emt 0:00:02]} 15. axb4 {[%emt 0:00:02]} Nxb4 {[%emt 0:00:13]} 16. f3 {[%emt 0:02:04]} Re3 {[%emt 0:00:34]} 17. Qxd4 {[%emt 0:01:12]} Qxd4 {[%emt 0:00:02]} 18. Bxd4 {[%emt 0:00:01]} Rxb3 {[%emt 0:00:08]} 19. Rxa7 {[%emt 0:00:09]} Rxa7 {[%emt 0:00:36]} 20. Bxa7 {[%emt 0:00:02]} Be6 {[%emt 0:00:22]} 21. Rd1 {[%emt 0:01:03]} h6 {[%emt 0:00:07]} 22. c5 {[%emt 0:00:54]} Bf5 {[%emt 0:02:49]} 23. Rd8+ {[%emt 0:00:27]} Kh7 {[%emt 0:00:02]} 24. Nd2 {[%emt 0:00:04]} Ra3 {[%emt 0:00:47]} 25. Bb6 {[%emt 0:00:10]} Ra1+ {[%emt 0:02:49]} 26. Kf2 Nd3+ {[%emt 0:00:01]} 27. Kg3 {[%emt 0:00:14]} Ra2 {[%emt 0:00:14]} 28. Nc4 {[%emt 0:00:15]} Bg6 $11 {[%emt 0:01:41]} 29. Nd6 {[%emt 0:01:04]} f5 {[%emt 0:01:04]} 30. Rd7 {[%emt 0:01:41]} f4+ {[%emt 0:00:22]} 31. Kh3 {[%emt 0:00:03]} h5 {[%emt 0:03:12]} 32. Rxb7 {[%emt 0:00:34]} Nf2+ {[%emt 0:00:18]} 33. Kh4 {[%emt 0:00:02]} Kh6 {[%emt 0:00:01]} 34. c6 {[%emt 0:00:17]} Nh1 {[%emt 0:00:01]} 35. Bd4 {[%emt 0:00:19]} Be8 {[%emt 0:00:40]} 36. Rxg7 {[%emt 0:00:11]} Bg6 {[%emt 0:00:12]} 37. Ra7 {[%emt 0:00:28]} Rxg2 {[%emt 0:00:08]} 38. Bg7+ {[%emt 0:00:02]} Kh7 {[%emt 0:00:01]} 39. Be5+ {[%emt 0:00:06]} Kg8 {[%emt 0:00:08]} 40. Ra8+ {[%emt 0:00:03]} 1-0